=LDR 00000nam 2200000 4500 =001 INLIS000000000004125 =005 20220211104842 =035 ##$$a 0010-0222000736 =245 1#$$a Pembuatan Asphalt Mixing Plant Kuliah Kerja Praktek Pada PT. Bukaka Teknik Utama, Tbk Road Construction Equipment (RCE) : $b Kuliah Kerja Praktek /$c Ahiruddin =100 #$$a AHIRUDDIN =250 ##$$a 2015 =300 ##$$a ix, 29 halaman : $b Tabel, Gambar ; $c 20,5x28 cm =856 ##$$a OPAC (Rak KKP TMI 2015) =260 ##$$a Makassar :$b Politeknik ATI Makassar - Teknik Mesin Industri,$c 2015 =082 ##$$a (R)2015 LKKP-TMI 818 =084 ##$$a (R)2015 LKKP-TMI 818 AHI p =650 #4$$a Laporan Praktek TMI 2015 =500 ##$$a Laporan Praktek TMI 2015 =990 ##$$a 56/LKKP TMI 2015